<?xml version="1.0" encoding="UTF-8"?>
<collection xmlns="http://www.loc.gov/MARC21/slim">
 <record>
  <leader>00448pamaa2200157   4500</leader>
  <controlfield tag="001">0000054168</controlfield>
  <controlfield tag="005">20170201090000.0</controlfield>
  <controlfield tag="008">170201s2005            eng</controlfield>
  <datafield tag="020" ind1="0" ind2="0">
   <subfield code="a">9780099546184(pbk) </subfield>
  </datafield>
  <datafield tag="090" ind1="0" ind2="0">
   <subfield code="a">PS3564.I362 </subfield>
   <subfield code="b">NIF 2005</subfield>
  </datafield>
  <datafield tag="100" ind1="1" ind2="0">
   <subfield code="a">Niffenegger </subfield>
  </datafield>
  <datafield tag="245" ind1="1" ind2="4">
   <subfield code="a">The time traveler's wife  </subfield>
   <subfield code="c">Audrey Niffenegger.</subfield>
  </datafield>
  <datafield tag="260" ind1="0" ind2="0">
   <subfield code="a">London: </subfield>
   <subfield code="b">Vintage Books, </subfield>
   <subfield code="c">2005.</subfield>
  </datafield>
  <datafield tag="300" ind1=" " ind2=" ">
   <subfield code="a">615p.: </subfield>
   <subfield code="b">18cm.</subfield>
  </datafield>
  <datafield tag="650" ind1="0" ind2="0">
   <subfield code="a">Librarians -- </subfield>
   <subfield code="x">Fiction </subfield>
  </datafield>
  <datafield tag="650" ind1="0" ind2="0">
   <subfield code="a">Time travel -- </subfield>
   <subfield code="x">Fiction </subfield>
  </datafield>
 </record>
</collection>
